000 00276nam a22001337a 4500
008 181022b xxu||||| |||| 00| 0 eng d
020 _a9780762838622
041 _aeng
080 _a701
100 _a44
101 _aART
245 _aSchiele
_cMarlow,T
942 _2udc
_cBK
999 _c50431
_d50431